The political liberalism of the New York Nation, 1865-1932.

Bibliographic Details
Main Author: Grimes, Alan Pendleton, 1919-2008
Format: Book
Language:English
Published: Chapel Hill : University of North Carolina Press, [1953]
Series:The James Sprunt studies in history and political science, v. 34
Subjects:

MARC

Tag First Indicator Second Indicator Subfields
LEADER 00000cam a2200000 4500
001 in00000039009
005 20151007081438.0
008 751125s1953 ncu b 00000 eng
010 |a  53062070  
035 |a (OCoLC)01853812 
035 |9 AAF6390AM 
040 |a DLC  |c FQG  |d TXA  |d UtOrBLW 
049 |a TXAM  |c [319408] 
050 0 0 |a F251  |b .J28 vol. 34 
090 |a PN4900.N3  |b G75 1953 
092 |a 051  |b G862p 
100 1 |a Grimes, Alan Pendleton,  |d 1919-2008. 
245 1 4 |a The political liberalism of the New York Nation, 1865-1932. 
264 1 |a Chapel Hill :  |b University of North Carolina Press,  |c [1953] 
300 |a ix, 133 pages ;  |c 23 cm. 
336 |a text  |b txt  |2 rdacontent 
337 |a unmediated  |b n  |2 rdamedia 
338 |a volume  |b nc  |2 rdacarrier 
490 0 |a The James Sprunt studies in history and political science, v. 34 
504 |a Bibliography: pages [123]-129. 
630 0 0 |a Nation (New York) 
999 |a MARS 
999 f f |s 8018deb0-12d1-3b1a-8e5a-e132440c5a42  |i 4fb48edc-5929-3635-ba0b-7e2ad0fd97c2  |t 0 
952 f f |p ric  |a Texas A&M University  |b Rellis Campus  |c Joint Library Facility  |d Remote Storage  |t 0  |e PN4900.N3 G75 1953  |h Library of Congress classification  |i unmediated -- volume  |m A14800498959 
998 f f |a PN4900.N3 G75 1953  |t 0  |l Remote Storage